000 01139naa a22003137a 4500
001 BR8903237
003 BR-BrBNA
005 20240918180455.0
007 ta
008 230509b bl.||||| |||| 00| 0 por d
040 _aBR-BrBNA
_bpor
_cBiblioteca Nacional de Agricultura
041 _a(Pt)
072 _aF04
_b0170
_b3830
090 _aF04 BR8903237
100 1 _aGoepfert, C.F.
100 1 _aChielle, M.C.P.
100 1 _aFischer, R.G.
111 1 _a16. Reuniao Tecnica Anual do Sorgo
_cPelotas, RS (Brazil)
_d11-14 Aug 1987
245 1 _aEficiencia agronomica de adubos fosfatados, parcialmente acidulados, avaliada atraves da cultura do sorgo
260 3 _aCapao do Leao, RS (Brasil):
_c1987.
500 _aAnais da 16. Reuniao Tecnica Anual do Sorgo Capao do Leao, RS (Brasil): 1987. p. 110-118 (BR8903237-AM)F04
650 _aSORGO
650 _aFERTILIZANTE FOSFATADO
650 _aANALISE QUALITATIVA
650 _aRENDIMENTO
773 0 _tAnais da 16. Reuniao Tecnica Anual do Sorgo
_wF04 BR8903237
_gCapao do Leao, RS (Brasil), 1987. p. 110-118
909 _a202404
_bLucia
_c55
_dLucia Elande
942 _cAM
_2AGRIS
999 _c320568
_d320568